000 00904nam a2200217 a 4500
003 0
005 20250505142413.0
008 021114s19uu xx 00 eng d
050 _aPGS TK 2945.T4
_b.M637 2002
100 _aMilano, Jorge Miguel N.
245 _aThe effects of temperature on the electric potential and operating life of dry cells /
_cJorge Miguel N.Milano.
260 _aLas PiƱas City, Philippines :
_bSouthville International School and Colleges,
_c2002.
300 _a39 pages :
_bcolored illustrations ;
_c28 cm.
504 _aIncludes bibliographic references.
650 _aDry cells
_vThermal effects.
650 _aDry cells
_vEffect of temperature on performance.
650 _aBatteries
_vTesting
_vTemperature conditions.
650 _aElectric potential
_vMeasurement
_vDry cells.
650 _aBattery life (Electric batteries)
_vInfluencing factors.
942 _2lcc
_cPASS
999 _c96669
_d96669